<?xml version="1.0" encoding="UTF-8"?>
<record
    xmlns:xsi="http://www.w3.org/2001/XMLSchema-instance"
    xsi:schemaLocation="http://www.loc.gov/MARC21/slim http://www.loc.gov/standards/marcxml/schema/MARC21slim.xsd"
    xmlns="http://www.loc.gov/MARC21/slim">

  <leader>02109nam a22001937a 4500</leader>
  <controlfield tag="005">20250911153729.0</controlfield>
  <controlfield tag="008">250909b        |||||||| |||| 00| 0 eng d</controlfield>
  <datafield tag="020" ind1=" " ind2=" ">
    <subfield code="a">9788120342873</subfield>
  </datafield>
  <datafield tag="041" ind1=" " ind2=" ">
    <subfield code="a">English</subfield>
  </datafield>
  <datafield tag="082" ind1=" " ind2=" ">
    <subfield code="b">GAN</subfield>
    <subfield code="a">372.6</subfield>
  </datafield>
  <datafield tag="100" ind1=" " ind2=" ">
    <subfield code="a">Gangal J.K.</subfield>
    <subfield code="9">193947</subfield>
  </datafield>
  <datafield tag="245" ind1=" " ind2=" ">
    <subfield code="a">Practical Course for Developing Writing Skills in English</subfield>
  </datafield>
  <datafield tag="260" ind1=" " ind2=" ">
    <subfield code="a">Delhi</subfield>
    <subfield code="b">PHI Learning</subfield>
    <subfield code="c">2025</subfield>
  </datafield>
  <datafield tag="300" ind1=" " ind2=" ">
    <subfield code="a">360</subfield>
  </datafield>
  <datafield tag="365" ind1=" " ind2=" ">
    <subfield code="b">601.05</subfield>
    <subfield code="c">Rs.00</subfield>
  </datafield>
  <datafield tag="520" ind1=" " ind2=" ">
    <subfield code="a">Part I: Learning to Write
1. The Writing Process
2. Controlled and Guided Composition
Part II: Functional Grammar
3. Parts of Speech: A Quick Review
4. Subject&#x2013;Verb Agreement
5. Determiners
6. Revisiting Tenses
7. Speech
8. Active and Passive Direct&#x2014;A Review
9. Conditionals
10. Modals
Part III 11. Common Errors and Their Rectification
Part IV: Working with Words
12. Vocabulary Enrichment
13. Methods and Strategies of Vocabulary Enrichment
14. Synonyms and Antonyms
15. Prefixes and Suffixes
16. One Word For and Odd Word Out
17. Frequently Used Foreign Words and Phrases
18. Hymonym: The Problem Words
19. Phrasal Verbs and Idioms
Part V: Composition Paragraph Writing
20. Writing a Paragraph
21. Writing a Free Composition [Writing an Essay]
Part VI: Mechanics of Writing
22. Graphics
23. Spelling
24. Punctuation and Capitalization
Part VII: Writing with a Purpose
25. Writing Personal Letters
26. Writing Official/Business/Formal Letters
27. Writing Applications and R&#xE9;sum&#xE9;/CV
28. Writing for Official Meetings
29. Making a Diary Entry
30. Note-making and Summarizing
31. Abstracting and Summarizing
32. Pr&#xE9;cis Writing
33. Message Writing
34. Letter to the Editor
35. Lodging a Police Complaint
36. Writing a Book Review
37. Report Writing
38. Writing a Memorandum (Memo)
39. Advertisements and Notices
40. Writing for Examinations
Part VIII: Creative Writing
41. Figures of Speech
42. ABC of Creative Writing
43. Promoting Creativity and Creative Writing
44. Writing a Research Paper/Term Paper/Dissertation/Thesis
45. Drawing the Curtains</subfield>
  </datafield>
  <datafield tag="650" ind1=" " ind2=" ">
    <subfield code="a">English Communication</subfield>
    <subfield code="9">212964</subfield>
  </datafield>
  <datafield tag="942" ind1=" " ind2=" ">
    <subfield code="c">BK</subfield>
  </datafield>
  <datafield tag="999" ind1=" " ind2=" ">
    <subfield code="c">367689</subfield>
    <subfield code="d">367689</subfield>
  </datafield>
  <datafield tag="952" ind1=" " ind2=" ">
    <subfield code="0">0</subfield>
    <subfield code="1">0</subfield>
    <subfield code="2">ddc</subfield>
    <subfield code="4">0</subfield>
    <subfield code="7">0</subfield>
    <subfield code="a">SOFT</subfield>
    <subfield code="b">SOFT</subfield>
    <subfield code="d">2025-09-08</subfield>
    <subfield code="e">Amazon.in</subfield>
    <subfield code="g">601.05</subfield>
    <subfield code="i">IN-7092</subfield>
    <subfield code="l">5</subfield>
    <subfield code="o">372.6 GAN</subfield>
    <subfield code="p">SOFT-BK-4584</subfield>
    <subfield code="r">2026-02-16 15:42:10</subfield>
    <subfield code="s">2026-02-07</subfield>
    <subfield code="v">795.00</subfield>
    <subfield code="w">2025-09-03</subfield>
    <subfield code="y">BK</subfield>
  </datafield>
</record>
